000 01252nam a2200385 c 4500
001 19633
003 ES-MaCES
005 20141221122621.0
008 061228s2006 sp t 000 | spa d
017 _aB 2659-2006
_bDL
020 _a8496354954
035 _aCES20060016388m
040 _aES-MaCES
_bspa
_cES-MaCES
100 1 _aEzquerra Escudero, Luis
_911539
245 1 0 _aTiempo de trabajo
_b: duración, ordenación y distribución
_cLuis Ezquerra Escudero
260 _aBarcelona
_bAtelier
_c[2006]
300 _a646 p.
_c24 cm
490 1 _aAtelier laboral
504 _aBibliografía: p. 613-630
541 _cCompra
650 4 _ahoras de trabajo
_928335
650 4 _aordenamiento del tiempo de trabajo
_929205
650 4 _aprogramación anual de las horas de trabajo
_930631
650 4 _aperíodo de descanso
_928339
650 4 _ahoras extraordinarias
_928337
650 4 _acondiciones de trabajo
_928327
650 4 _aEspaña
_926964
650 4 _aderecho del trabajo
_927165
650 4 _arégimen jurídico
_929894
653 1 0 _aDerecho del trabajo y Seguridad Social
830 0 _aAtelier laboral
_934123
902 _aLIB Libro
942 _2CES
_cBK
_h6.0.1.
999 _c19633
_d19633